| 000 | 00000nam##2200000za#4500 |
| 001 | 9.700412 |
| 003 | CaOODSP |
| 005 | 20250506145324 |
| 007 | cr ||||||||||| |
| 008 | 150407|1977||||xxc|||||o f|0| 0 eng|d |
| 040 | |aCaOODSP|beng |
| 043 | |an-cn--- |
| 086 | 1 |aA53-1565/1977E-PDF |
| 110 | 1 |aCanada.|bAgriculture Canada. |
| 245 | 10|aProbability of freezing temperatures in the spring and fall in the Atlantic Region / |h[electronic resource]|c[by] S.N. Edey. |
| 250 | |aPrinted 1975, reprinted 1977 |
| 260 | |aOttawa - Ontario : |bAgriculture Canada |c1977. |
| 300 | |a36p.|bfigs., tables |
| 500 | |aIncorrect copyright date (1992) printed in this publication. |
| 500 | |aHistorical publication digitized by Agriculture and Agri-Food Canada. |
| 590 | |a15-03-Supp|b2015-03-13 |
| 690 | 07|aPlants|2gcpds |
| 690 | 07|aWild plants|2gcpds |
| 720 | 1 |aEdey, S. N. |
| 775 | 08|tProbabilité des gelées automne et printemps, Région de l'Atlantique / |w(CaOODSP)9.644299 |
| 856 | 40|ahttp://publications.gc.ca|qPDF|s1834 KB|uhttps://publications.gc.ca/collections/collection_2015/aac-aafc/A53-1565-1977-eng.pdf |
| 986 | |aPublication 1565 |